000
00316cam a2200133ua 4500
003
OSt
008
221031b |||||||| |||| 00| 0 eng d
041
_a
eng
082
_a
297
_b
MIN/MU
245
_a
Muslims in India /
260
_a
India :
_b
Ministry of I&B, Govt. of India ,
_c
1964.
300
_a
40 ; .
942
_c
BK
999
_c
1863
_d
1863